Bài tập tiếng Anh 11
Sách bài tập tiếng Anh 11 được biên soạn để giúp các em củng cố và phát triển những gì các em đã được học qua sách học sinh.
Tallennettuna:
| Päätekijä: | |
|---|---|
| Aineistotyyppi: | Kirja |
| Kieli: | Undetermined |
| Julkaistu: |
Hà Nội
Giáo dục Việt Nam
2016
|
| Aiheet: | |
| Tagit: |
Lisää tagi
Ei tageja, Lisää ensimmäinen tagi!
|
| Thư viện lưu trữ: | Trung tâm Học liệu Trường Đại học Cần Thơ |
|---|
| LEADER | 00853nam a2200217Ia 4500 | ||
|---|---|---|---|
| 001 | CTU_217347 | ||
| 008 | 210402s9999 xx 000 0 und d | ||
| 020 | |c 7800 | ||
| 082 | |a 428.0076 | ||
| 082 | |b V121 | ||
| 100 | |a Hoàng, Văn Vân | ||
| 245 | 0 | |a Bài tập tiếng Anh 11 | |
| 245 | 0 | |c Hoàng Văn Vân (Chủ biên) | |
| 260 | |a Hà Nội | ||
| 260 | |b Giáo dục Việt Nam | ||
| 260 | |c 2016 | ||
| 520 | |a Sách bài tập tiếng Anh 11 được biên soạn để giúp các em củng cố và phát triển những gì các em đã được học qua sách học sinh. | ||
| 650 | |a Tiếng Anh,English language | ||
| 650 | |x Dạy và học (Trung học),Study and teaching (Secondary) | ||
| 904 | |i Hiền,Nghị,Hải | ||
| 980 | |a Trung tâm Học liệu Trường Đại học Cần Thơ | ||